000 00900cab a2200289 4500
001 ABS51268
008 090401t1994 xxu||||| |||| 00| 0 eng d
035 _a(Sirsi) u18474
041 _aeng
100 _aMacneil, J.
245 _aVirtual reality: draw bridge
260 _c1994
350 _a0
490 _aBuilding
_v259(7856) 12 August 1994, 42-43(2)
520 _aDescribes how virtual reality applications can be used in the construction industry, using an object-oriented database in which an intelligent 3D model of a building can be built.
650 _a3-D COMPUTER MODELS
650 _aBRICC
650 _aCAD
650 _aCOMPUTERS
650 _aCONSTRUCTION INDUSTRY
650 _aSONATA
650 _aVIRTUAL OFFICE SYSTEMS
650 _aVIRTUAL REALITY
690 _aMANAGEMENT-BUSINESS MANAGEMENT-INFORMATION MANAGEMENT
942 _n0
948 _c04/03/1997
999 _c12283
_d12283